000 00503nam a2200181Ia 4500
008 230711s9999||||xx |||||||||||||| ||und||
020 _a978-93-392-2185-0
041 _aENG
082 _a658.4034
_bHI-I
100 _aHiller,Frederick S
245 3 _aAn Introduction to Operations Research
250 _a10th Ed.
260 _c2017
_aNew Delhi
_bMcGraw Hill Education(India) Private Limited
300 _a1183p.
650 _aUNIVESITY BUSNIESS SCHOOL
700 _aLieberman,Gerlad J
942 _cBK
999 _c6746
_d6746